Uhlová brúska

Gespeichert in:
Bibliographische Detailangaben
1. Verfasser: Blahová, Mária, 1986- (Verfasst von)
Weitere Verfasser: Lehocký, Peter, 1944- (Betreuung Doktorarbeit)
Format: Manuskript Buch
Sprache:Slowakisch
Veröffentlicht: Bratislava : STU v Bratislave FA, 2010
Schlagworte:
Online-Zugang:VAIS
Tags: Tag hinzufügen
Keine Tags, Fügen Sie das erste Tag hinzu!

MARC

LEADER 00000ntm a22000003a 4500
001 stu219268
005 20210730073253.1
008 101211s2010----xo------------------slo-d
040 |a STU  |b slo 
041 0 |a slo 
044 |a xo 
100 1 |a Blahová, Mária,  |d 1986-  |4 aut  |u A  |T FAD Fakulta architektúry  |X 40051  |U A  |Y 50  |7 A000040051 
242 0 0 |a The Angular Grinder  |y eng 
245 1 |a Uhlová brúska 
260 |a Bratislava :  |b STU v Bratislave FA,  |c 2010 
650 7 |a dizajn výrobkov  |2 stusub 
650 7 |a Product Design  |2 estusub 
650 7 |a brúska  |2 stusub 
700 1 |a Lehocký, Peter,  |d 1944-  |4 ths  |u A9190  |U FAD Fakulta architektúry  |U FAD Fakulta architektúry  |T FA Ústav dizajnu  |X 441  |U A9190  |Y 400  |7 A000000441 
856 4 |a info a plný text  |u http://is.stuba.sk/zp/portal_zp.pl?podrobnosti=3445  |u https://opac.crzp.sk/?fn=detailBiblioForm&sid=A406D59750C55BB3F22479FE30AD  |3 VAIS